000 00219nam a22000857a 4500
008 161209b xxu||||| |||| 00| 0 eng d
100 _91963
_aMittal.R.S.etal
245 _aPhysics Lab Manuel-XI
260 _aNew Delhi
_bPPC
_c2011
999 _c4757
_d4757